4 Most Famous Cities in Seychelles on a Map - Statistics

General Stats
  • This quiz has been taken 57 times
  • The average score is 2 of 4
Answers on the Map
Answers color-coded by a green-red scale on the quiz's map according to % correct below.
 
Answer Stats
Wiki Monthly Views Cityquiz Mention Rate Population Answers % Correct
22.75K 23.88% 29.66K Victoria
100%
7.94K - 3.93K La Digue/La Passe
40%
0.83K - 5.60K Beau Vallon
33%
5.78K - 5.06K Praslin/Baie Saint Anne
28%
No matching quizzes found
Score Distribution
Percent of People with Each Score
Percentile by Number Answered
Your Score History
You have not taken this quiz